Republic of Congo : Technical Assistance Report-National Accounts Mission.

This Technical Assistance report on the Republic of Congo presents mission outcomes and priority recommendations conducted to support the National Statistics Institute in its work on the national accounts estimates. The mission reviewed the calculation of consumption of fixed capital for the general...

Celý popis

Podrobná bibliografie
Korporativní autor: International Monetary Fund. Statistics Dept
Médium: Časopis
Jazyk:English
Vydáno: Washington, D.C. : International Monetary Fund, 2020.
Edice:IMF Staff Country Reports; Country Report ; No. 2020/055
Témata:
On-line přístup:Full text available on IMF
LEADER 02728cas a2200313 a 4500
001 AALejournalIMF016262
008 230101c9999 xx r poo 0 0eng d
020 |c 5.00 USD 
020 |z 9781513530994 
022 |a 1934-7685 
040 |a BD-DhAAL  |c BD-DhAAL 
110 2 |a International Monetary Fund.  |b Statistics Dept. 
245 1 0 |a Republic of Congo :   |b Technical Assistance Report-National Accounts Mission. 
264 1 |a Washington, D.C. :  |b International Monetary Fund,  |c 2020. 
300 |a 1 online resource (19 pages) 
490 1 |a IMF Staff Country Reports 
500 |a <strong>Off-Campus Access:</strong> No User ID or Password Required 
500 |a <strong>On-Campus Access:</strong> No User ID or Password Required 
506 |a Electronic access restricted to authorized BRAC University faculty, staff and students 
520 3 |a This Technical Assistance report on the Republic of Congo presents mission outcomes and priority recommendations conducted to support the National Statistics Institute in its work on the national accounts estimates. The mission reviewed the calculation of consumption of fixed capital for the general government sector, an important element in calculating production by cost of production. The 2016 accounts are finalized and closed through the summary tables and the 2017 accounts are being finalized. The mission focused on an analysis of the 2016 and 2017 national accounts finalized in accordance with the 1993 System of National Accounts (SNA). The analysis consisted of a review of the information sources used, the methods of calculation and extrapolation, and compliance with the 1993 SNA. The mission made corrections and provided the team with an explanation of the consequences of the corrections and how to integrate them in the accounts, particularly the corrections affecting the branches' value added and, accordingly, gross domestic product. In order to facilitate progress in various areas of effort, the mission provided several priority recommendations focused on the urgency of preparing and validating a continuous, updated national accounts series. The mission proposes several corrections to the 2015 intermediate consumption matrix and recommends that the national accounting officers make the same corrections, proportionally, for 2016 and 2017. 
538 |a Mode of access: Internet 
650 7 |a Accounting  |2 imf 
650 7 |a Center  |2 imf 
650 7 |a CR  |2 imf 
650 7 |a ISCR  |2 imf 
650 7 |a Value  |2 imf 
651 7 |a Congo, Republic of  |2 imf 
830 0 |a IMF Staff Country Reports; Country Report ;  |v No. 2020/055 
856 4 0 |z Full text available on IMF  |u http://elibrary.imf.org/view/journals/002/2020/055/002.2020.issue-055-en.xml  |z IMF e-Library